| 000 | 01051cam a2200205 4500 | ||
|---|---|---|---|
| 001 | WB@3612-796 | ||
| 008 | 040819n2004 000 0 eng u | ||
| 035 | _a(Sirsi) u127115 | ||
| 245 | _aEU forestry strategy | ||
| 260 | _c2004 | ||
| 490 |
_aEuropean Commission Press Release _vAugust 2004 (3) |
||
| 520 | _aComments are invited on the implementation of the Forestry strategy for the European Union. The resolution was adopted five years ago amid growing concern about the coherence between the forest policies of the member states and forest-related activities at EU level, as well as the rising profile of forests in international policy debates and initiatives on sustainable development. Background information and a link to the comments area can be found on the website. http://www.europa.eu.int/comm/agriculture/consulta tions/forestry/index_en.htm. | ||
| 590 | _aWB | ||
| 590 | _aWB | ||
| 650 | _aFORESTRY | ||
| 650 | _aEUROPEAN UNION | ||
| 650 | _aSUSTAINABLE FORESTRY | ||
| 690 | _aRURAL-AGRICULTURE AND FORESTRY | ||
| 942 | _n0 | ||
| 999 |
_c117873 _d117873 |
||